| 000 | 00355nam a2200145 i 4500 | ||
|---|---|---|---|
| 001 | bg | ||
| 100 | 1 | _aLEŚNIAK, Witold | |
| 245 | 0 |
_aAbc samochodowego silnika wysokoprężnego / _cWitold Leśniak. |
|
| 250 | _aWyd.6 uzup. | ||
| 260 |
_aWarszawa, _c1978. |
||
| 040 | _cBPK | ||
| 041 | _apol | ||
| 942 | _cKS | ||
| 008 | s pl f |000 0 pol | ||
| 999 |
_c17706 _d17706 |
||
| 856 |
_uhttp://koha.tu.koszalin.pl/cgi-bin/koha/opac-detail.pl?biblionumber=17706 _yKatalog online BPK |
||